LEADER 02356nam 2200433 n 450 001 996393314803316 005 20200824121904.0 035 $a(CKB)4940000000112649 035 $a(EEBO)2248523320 035 $a(UnM)99872555e 035 $a(UnM)99872555 035 $a(EXLCZ)994940000000112649 100 $a19880913d1646 uy | 101 0 $aeng 135 $aurbn||||a|bb| 200 14$aThe hearse of the renowned, the Right Honourable Robert Earle of Essex and Ewe, Viscount Hereford, Lord Ferrers of Chartley, Bourchier and Lovaine, sometime captaine lord generall of the armies raised for the defence of King and Parliament$b[electronic resource] $eAs it was represented in a sermon, preached in the Abbey Church at Westminster, at the magnificent solemnity of his funerall, Octob. 22, 1646. /$fBy Richard Vines. Published by order of the House of Peers 210 $aLondon, $cPrinted by T.R. and E.M. for Abel Roper at the sign of the Sun against Dunstans Church in Fleet-street.$d1646 215 $a[6], 38 p., [1] leaf of plates $cport 300 $aContains the same frontispiece as "The true mannor and forme of the proceedings to the funerall of the Right Honourable Robert Earle of Essex and Ewe" (Wing T2758A). 300 $aProbably the earlier of the two editions printed for Roper this year. 300 $aA variant (Wing V554), probably later, has "for Henry Seile" in imprint. 300 $aAnnotation on Thomason copy: "Octob. 29". 300 $aEarly English books copy imperfect: print show-through. 300 $aReproduction of the original in the British Library. 330 $aeebo-0018 606 $aFuneral sermons$y17th century 606 $aSermons, English$y17th century 607 $aGreat Britain$xHistory$yCivil War, 1642-1649$vSermons$vEarly works to 1800 615 0$aFuneral sermons 615 0$aSermons, English 700 $aVines$b Richard$f1600?-1656.$01001686 801 0$bCu-RivES 801 1$bCu-RivES 801 2$bCStRLIN 801 2$bWaOLN 906 $aBOOK 912 $a996393314803316 996 $aThe hearse of the renowned, the Right Honourable Robert Earle of Essex and Ewe, Viscount Hereford, Lord Ferrers of Chartley, Bourchier and Lovaine, sometime Captaine Lord Generall of the armies raised for the defence of King and Parliament$92351682 997 $aUNISA